| 000 | 01230cam a2200337Ia 4500 | ||
|---|---|---|---|
| 001 | 65200422 | ||
| 003 | OCoLC | ||
| 005 | 20220930103222.0 | ||
| 008 | 060324s2003 sp abf b 001 1 spa d | ||
| 020 | _a8426105130 | ||
| 020 | _a9788426105134 | ||
| 020 | _a842610472X | ||
| 020 | _a9788426104724 | ||
| 040 |
_aRVE _cRVE _dOCLCG _dSXP |
||
| 041 | _aspa | ||
| 090 |
_aPQ6323 _b.A1 2005 |
||
| 100 | 1 |
_aCervantes Saavedra, Miguel de, _d1547-1616. |
|
| 245 | 1 | 0 |
_aDon Quijote de la Mancha / _cMiguel de Cervantes Saavedra ; texto y notas de Martin de Riquer. |
| 260 |
_aBarcelona : _bEditorial Juventud, _cc2003. |
||
| 300 |
_a1096 p. : _bill. ; _c18 cm. |
||
| 490 | 1 | _aColeccion "Libros de bolsillo Z." | |
| 500 | _aEdicion conmemorativa IV centenario. | ||
| 504 | _aIncludes bibliographical references and index. | ||
| 650 | 0 |
_aKnights and knighthood _zSpain _vFiction. |
|
| 650 | 7 |
_aCaballeros y caballer©Ưa _zEspa©ła _vNovela. _2bidex. |
|
| 651 | 0 |
_aSpain _xSocial life and customs _y16th century _vFiction. |
|
| 651 | 7 |
_aEspana _xVida social y costumbres _ySiglo XVI _vNovela. _2bidex. |
|
| 700 | 1 |
_aRiquer, Martin de, _cconde de Casa Davalos, _d1914- |
|
| 830 | 0 | _aColeccion "Libros de bolsillo Z." | |
| 942 |
_cBK _2ddc |
||
| 999 |
_c27499 _d27499 |
||